00803nam a2200229 i 4500003000900000005001700009007000300026008004100029040003000070082002700100100004500127245007800172250002200250264003600272300002800308336002700336337003300363338002800396500006300424650006200487650002400549DO-SdBNP20250624095821.0ta250623b1972 dr ||||| |||| 00| 0 spa d aDO-SdBNPbspacBNPHUerda 4a616.89bZ18m, 19722221 aZaglul, Antonio,d1920-1996eautor4aut.10aMis 500 locos :bmemorias del director de un manicomio /cAntonio Zaglul. aTercera edición 1aSanto Domingo :bTaller,c1972. a159 páginas ;c21 cm. atextobtxt2rdacontent asin mediaciónbn2rdamedia avolumenbnc2rdacarrier aIncluye datos biográficos del autor en la contracubierta 4aPsiquiatríaxCasos, historias clínicas, estadística 4aTrastornos mentales